The noble scholar, jurist, historian


 His Excellency Dr. Abdul Wahhab bin Ibrahim Abu Sulaiman, may Allah have mercy on him.


 He was born in Umm Al-Qura in the year 1356 AH.

الفرق الإسلامية في الشمال الإفريقي من الفتح العربي حتى اليوم / (Record no. 12260)

MARC details
000 -LEADER
fixed length control field 01391cam a22003371i 4500
003 - CONTROL NUMBER IDENTIFIER
control field SA-RiAUC
005 - DATE AND TIME OF LATEST TRANSACTION
control field 20251001113607.0
008 - FIXED-LENGTH DATA ELEMENTS--GENERAL INFORMATION
fixed length control field 250822s1987 le b g b 00000 ara c
040 ## - CATALOGING SOURCE
Original cataloging agency SA-RiAUC
Language of cataloging ara
Transcribing agency SA-RiAUC
Description conventions rda
041 1# - LANGUAGE CODE
Language code of text/sound track or separate title ara
Language code of original fre
043 ## - GEOGRAPHIC AREA CODE
Geographic area code ff-----
050 #4 - LIBRARY OF CONGRESS CALL NUMBER
Item number .B45 1987
050 00 - LIBRARY OF CONGRESS CALL NUMBER
Item number A4212 1987
082 04 - DEWEY DECIMAL CLASSIFICATION NUMBER
Classification number 245.0961
Assigning agency SA-RiAUC
090 ## - LOCALLY ASSIGNED LC-TYPE CALL NUMBER (OCLC); LOCAL CALL NUMBER (RLIN)
Classification number (OCLC) (R) ; Classification number, CALL (RLIN) (NR) 245.0961
Local cutter number (OCLC) ; Book number/undivided call number, CALL (RLIN) ب ل
100 1# - MAIN ENTRY--PERSONAL NAME
Personal name بل، ألفرد،
Dates associated with a name 1873-1945
Relator term مؤلف.
245 12 - TITLE STATEMENT
Title الفرق الإسلامية في الشمال الإفريقي من الفتح العربي حتى اليوم /
Statement of responsibility, etc. ألفرد بل ؛ ترجمه عن الفرنسية عبد الرحمن بدوي.
250 ## - EDITION STATEMENT
Edition statement الطبعة الثالثة.
264 #1 - PRODUCTION, PUBLICATION, DISTRIBUTION, MANUFACTURE, AND COPYRIGHT NOTICE
Place of production, publication, distribution, manufacture بيروت :
Name of producer, publisher, distributor, manufacturer دار الغرب الإسلامي،
Date of production, publication, distribution, manufacture, or copyright notice 1987
300 ## - PHYSICAL DESCRIPTION
Extent 459 صفحة :
Other physical details خرائط ؛
Dimensions 25 × 17 سم
336 ## - CONTENT TYPE
Content type term نص
Content type code txt
Source rdacontent
Materials specified كتاب
337 ## - MEDIA TYPE
Media type term بدون وسيط
Media type code n
Source rdamedia
338 ## - CARRIER TYPE
Carrier type term مجلد
Carrier type code nc
Source rdacarrier
504 ## - BIBLIOGRAPHY, ETC. NOTE
Bibliography, etc. note يشتمل على ببليوجرافية.
590 ## - LOCAL NOTE (RLIN)
Local note عمر.
650 #7 - SUBJECT ADDED ENTRY--TOPICAL TERM
Topical term or geographic name entry element الفرق الإسلامية
Geographic subdivision المغرب العربي
Source of heading or term aucsh
650 #7 - SUBJECT ADDED ENTRY--TOPICAL TERM
Topical term or geographic name entry element الفرق الإسلامية
Geographic subdivision شمال إفريقيا
General subdivision تاريخ
Source of heading or term aucsh
700 1# - ADDED ENTRY--PERSONAL NAME
Personal name بدوي، عبد الرحمن،
Dates associated with a name 1917-2002
Relator term مترجم.
942 ## - ADDED ENTRY ELEMENTS (KOHA)
Source of classification or shelving scheme Dewey Decimal Classification
Koha item type Books
Suppress in OPAC No
949 ## - LOCAL PROCESSING INFORMATION (OCLC)
a SA-JeALM
d 250822
u mohamedma123
n 1
Holdings
Withdrawn status Lost status Source of classification or shelving scheme Damaged status Not for loan Home library Current library Date acquired Total checkouts Full call number Barcode Date last seen Price effective from Koha item type
    Dewey Decimal Classification     DR AbdElwahab Library DR AbdElwahab Library 10/01/2025   245.0961 ب ل 000019753 10/01/2025 10/01/2025 Books